000 01179nam0a2200349 4500
001 RU\NLR\BIBL_A\012507272
005 20250624053045.0
010 _a978-5-4484-2411-3
_92000
021 _aRU
_b2020-82409
_9КН-П-6250
035 _a(RuMoRGB)010520052
035 _a(NLR Aleph) 012507272
090 _a12257358
_c12257358
100 _a20210420d2021 |||y0rusy50 ca
101 0 _arus
102 _aRU
105 _ay|||z|||000ay
181 0 _ai
_baxxe
182 0 _an
200 1 _aМесть Альбиона
_eроман
_fАлександр Домовец
203 _aТекст
_bвизуальный
_cнепосредственный
210 _aМосква
_cВече
_d2021 [т.е. 2020]
215 _a286, [2] с.
_d21
225 1 _aВоенные приключения
_eВП
_fсост.: В.И. Пищенко
300 _aФактическая дата выхода в свет - 2020
333 _a12+
686 2 _aШ6(2=Р)8-446
700 1 _aДомовец
_bА.Г.
_gАлександр Григорьевич
942 _cBOOK
980 _aNB